000
00256nam a2200109Ia 4500
005
20251222143148.0
008
251222s9999||||xx |||||||||||||| ||spa||
082
_a
363.96/I59
245
0
_a
Fecundidad y Pobreza en el PerĂº:
264
_b
INEI
942
_c
LIB
999
_c
12577
_d
12577